[Event "Pere Noel"]
[Site "Montreal CAN"]
[Date "2000.12.29"]
[Round "4"]
[White "Sarwer, Jeff"]
[Black "Rousseau, Daniel"]
[Result "1-0"]
[WhiteElo "2257"]
[BlackElo "2080"]
[PlyCount "101"]
[GameId "2160767911627429"]
[EventDate "2000.12.26"]
[EventType "swiss"]
[EventRounds "5"]
[EventCountry "CAN"]
[SourceTitle "hb 2011"]

1. d4 Nf6 2. c4 g6 3. Nc3 Bg7 4. e4 d6 5. Nge2 Nc6 6. d5 Ne5 7. Ng3 h5 8. h4 c6 9. Qc2 O-O 10. Be2 Bg4 11. f3 Bd7 12. Be3 Rc8 13. Qb3 Qa5 14. Qxb7 cxd5 15. cxd5 Rb8 16. Qxa7 Qxa7 17. Bxa7 Rxb2 18. O-O Ra8 19. Be3 Ne8 20. Rfc1 Ra3 21. Nd1 Rbxa2 22. Rab1 Ba4 23. Bg5 Kh7 24. Bxe7 Bh6 25. Rc3 Bf4 26. Rxa3 Rxa3 27. Nf1 Ng7 28. Rb8 f6 29. Nb2 Bd7 30. Nc4 Nxc4 31. Bxc4 Rc3 32. Rb7 Bc8 33. Ra7 Kg8 34. Be2 Rc1 35. Ra8 Kf7 36. Bd8 Be3+ 37. Kh2 Bf4+ 38. g3 Be5 39. Ra2 f5 40. f4 Bd4 41. Nd2 fxe4 42. Nxe4 Bb7 43. Bf3 Ke8 44. Rd2 Be3 45. Re2 Bg1+ 46. Kg2 Ba6 47. Rd2 Be3 48. Rd1 Rc2+ 49. Kh1 Bc4 50. Bc7 Kf7 51. Bxd6 1-0

[Event "Pere Noel"]
[Site "Montreal CAN"]
[Date "2000.12.30"]
[Round "5"]
[White "Rousseau, Daniel"]
[Black "Stewart, Ron"]
[Result "1-0"]
[WhiteElo "2080"]
[BlackElo "1729"]
[PlyCount "81"]
[GameId "2160767911635633"]
[EventDate "2000.12.26"]
[EventType "swiss"]
[EventRounds "5"]
[EventCountry "CAN"]
[SourceTitle "hb 2011"]

1. e4 Nc6 2. Nf3 d6 3. d4 Nf6 4. Nc3 e5 5. dxe5 Nxe5 6. Nxe5 dxe5 7. Qxd8+ Kxd8 8. Bg5 c6 9. O-O-O+ Kc7 10. Bc4 Bg4 11. f3 Bh5 12. Bxf6 gxf6 13. g4 Bg6 14. a3 a5 15. Ne2 Bc5 16. c3 b5 17. Bb3 a4 18. Ba2 h5 19. h3 Be3+ 20. Kb1 hxg4 21. hxg4 Rxh1 22. Rxh1 Rd8 23. c4 Rd2 24. Nc3 Bd4 25. Rc1 Rf2 26. cxb5 Rxf3 27. Nd5+ Kd8 28. bxc6 Bxe4+ 29. Ka1 Bxd5 30. Bxd5 Rxa3+ 31. Kb1 Rb3 32. Bxb3 axb3 33. Rf1 Bb6 34. Rxf6 Ke7 35. Rf3 Kd6 36. Rxb3 Kxc6 37. Rf3 Kd5 38. Rxf7 Kd4 39. g5 Kd3 40. g6 e4 41. g7 1-0

[Event "Cartierville-Ludik m"]
[Site "Montreal CAN"]
[Date "2000.02.26"]
[Round "2"]
[White "Soudre, Nicolas"]
[Black "Rousseau, Daniel"]
[Result "0-1"]
[WhiteElo "2000"]
[BlackElo "2000"]
[PlyCount "66"]
[GameId "2160767911733098"]
[EventDate "2000.02.19"]
[EventType "team"]
[EventRounds "2"]
[EventCountry "CAN"]
[SourceTitle "hb 2011"]

1. e4 e5 2. Nf3 Nc6 3. Nc3 Nf6 4. d4 exd4 5. Nxd4 Bc5 6. Be3 Bb6 7. Nxc6 bxc6 8. Bxb6 axb6 9. Bd3 O-O 10. O-O Re8 11. Re1 d6 12. e5 dxe5 13. Rxe5 Be6 14. Qe2 Qd6 15. a3 Ng4 16. Rh5 g6 17. Ne4 Qd4 18. c3 Qd8 19. Rh3 f5 20. Ng3 Bf7 21. Qc2 Qf6 22. Nf1 f4 23. Nd2 Ne5 24. Ne4 Qe7 25. Re1 Be6 26. Rh6 Kg7 27. Qd2 Rad8 28. Qxf4 Nxd3 29. Qg3 Nxe1 30. Qe5+ Kxh6 31. Qf4+ g5 32. Qe3 Rd1 33. f3 Nd3+ 0-1

[Event "Defi Expert"]
[Site "Montreal CAN"]
[Date "1996.04.20"]
[Round "1"]
[White "Mahabir, Hugh"]
[Black "Rousseau, Daniel"]
[Result "1/2-1/2"]
[WhiteElo "1825"]
[BlackElo "2022"]
[PlyCount "65"]
[GameId "2160767912050295"]
[EventDate "1996.04.20"]
[EventType "swiss"]
[EventRounds "5"]
[EventCountry "CAN"]
[SourceTitle "hb 2011"]

1. d4 Nf6 2. c4 e6 3. Nc3 d5 4. Bg5 Be7 5. e3 O-O 6. Nf3 Nbd7 7. Qc2 h6 8. Bh4 c6 9. cxd5 exd5 10. Bd3 Re8 11. O-O Ne4 12. Bxe7 Qxe7 13. b4 a6 14. a4 Ndf6 15. b5 axb5 16. axb5 Ra3 17. Rxa3 Qxa3 18. Bxe4 dxe4 19. Nd2 Bd7 20. bxc6 Bxc6 21. Rb1 Qe7 22. h3 g5 23. Qb3 Rd8 24. Nc4 Nd5 25. Ne5 Nxc3 26. Qxc3 Bd5 27. Rb6 h5 28. Rh6 Kg7 29. Rxh5 f6 30. Ng4 Bf7 31. Rh6 Bg6 32. h4 gxh4 33. Rxh4 1/2-1/2

[Event "Defi Expert"]
[Site "Montreal CAN"]
[Date "1996.05.02"]
[Round "2"]
[White "Rousseau, Daniel"]
[Black "Beaulieu, Eric"]
[Result "0-1"]
[WhiteElo "2022"]
[BlackElo "2026"]
[PlyCount "100"]
[GameId "2160767912050296"]
[EventDate "1996.04.20"]
[EventType "swiss"]
[EventRounds "5"]
[EventCountry "CAN"]
[SourceTitle "hb 2011"]

1. d4 Nf6 2. c4 c5 3. d5 d6 4. Nc3 g6 5. Nf3 Bg7 6. e4 O-O 7. Be2 e6 8. dxe6 Bxe6 9. Bf4 Ne8 10. O-O Nc6 11. Qd2 Qa5 12. Rfd1 a6 13. Bh6 Rb8 14. Bxg7 Kxg7 15. a3 f5 16. b4 Qc7 17. b5 Ne5 18. Ng5 Qe7 19. f4 Nxc4 20. Nxe6+ Qxe6 21. Qa2 d5 22. Nxd5 axb5 23. Nc3 Nc7 24. Nxb5 Nxb5 25. Bxc4 Qe8 26. Qb2+ Nd4 27. e5 g5 28. fxg5 Qxe5 29. Kh1 f4 30. Re1 Qxg5 31. Re4 b5 32. Ba2 Rbe8 33. Rae1 Rxe4 34. Rxe4 f3 35. gxf3 Rxf3 36. Re1 Rf4 37. h3 Rf3 38. Qh2 Rg3 39. h4 Qg4 40. Bd5 Rh3 41. Rg1 Rxh2+ 42. Kxh2 Qxg1+ 43. Kxg1 Nc2 44. a4 bxa4 45. Kf2 a3 46. Ke2 Nb4 47. Bc4 a2 48. Bxa2 Nxa2 49. Kd3 Nb4+ 50. Kc4 Na6 0-1

[Event "Defi Expert"]
[Site "Montreal CAN"]
[Date "1996.05.08"]
[Round "3"]
[White "Rousseau, Daniel"]
[Black "Fillion, Robert"]
[Result "1/2-1/2"]
[WhiteElo "2022"]
[BlackElo "1715"]
[PlyCount "89"]
[GameId "2160767912050297"]
[EventDate "1996.04.20"]
[EventType "swiss"]
[EventRounds "5"]
[EventCountry "CAN"]
[SourceTitle "hb 2011"]

1. e4 c5 2. Nf3 Nc6 3. d4 cxd4 4. Nxd4 e6 5. Nc3 a6 6. Be2 Nge7 7. Nf3 Ng6 8. h4 Be7 9. g3 O-O 10. Be3 b5 11. Qd2 Bb7 12. O-O-O d6 13. h5 Nge5 14. Nh2 Na5 15. f4 Nec4 16. Qd3 Nxe3 17. Qxe3 Qc7 18. h6 g6 19. Nf3 e5 20. Nd5 Bxd5 21. exd5 Rac8 22. Rd2 Nc4 23. Bxc4 Qxc4 24. Kb1 Bf6 25. fxe5 Rfe8 26. Re1 Bxe5 27. Qf2 f6 28. Nxe5 fxe5 29. Qf6 Qc7 30. a3 Qe7 31. Qf2 Rc5 32. Qe3 Rf8 33. b4 Rc4 34. Rd3 Qc7 35. Re2 a5 36. bxa5 Qxa5 37. Qg5 Qd8 38. Qxd8 Rxd8 39. Kb2 Rdc8 40. Kb3 Rg4 41. c3 Rf8 42. Ka2 Rc4 43. Kb3 Rg4 44. Ka2 Rc4 45. Kb3 1/2-1/2

[Event "Defi Expert"]
[Site "Montreal CAN"]
[Date "1996.05.16"]
[Round "4"]
[White "Abouchakra, Khaled"]
[Black "Rousseau, Daniel"]
[Result "0-1"]
[WhiteElo "1788"]
[BlackElo "2022"]
[PlyCount "34"]
[GameId "2160767912050298"]
[EventDate "1996.04.20"]
[EventType "swiss"]
[EventRounds "5"]
[EventCountry "CAN"]
[SourceTitle "hb 2011"]

1. e4 e5 2. Nf3 Nc6 3. Bb5 a6 4. Ba4 Nf6 5. O-O b5 6. Bb3 Bc5 7. d3 d6 8. Bg5 h6 9. Bh4 g5 10. Nxg5 hxg5 11. Bxg5 Rg8 12. Bd5 Rxg5 13. Bxc6+ Bd7 14. Bxa8 Qxa8 15. Kh1 Ke7 16. f4 Rh5 17. h3 Qh8 0-1

[Event "Defi Expert"]
[Site "Montreal CAN"]
[Date "1996.05.22"]
[Round "5"]
[White "Rousseau, Daniel"]
[Black "Soudre, Nicolas"]
[Result "1-0"]
[WhiteElo "2022"]
[BlackElo "1874"]
[PlyCount "86"]
[GameId "2160767912050299"]
[EventDate "1996.04.20"]
[EventType "swiss"]
[EventRounds "5"]
[EventCountry "CAN"]
[SourceTitle "hb 2011"]

1. e4 e5 2. Nf3 Nc6 3. Bb5 a6 4. Ba4 Nf6 5. O-O Be7 6. Re1 b5 7. Bb3 O-O 8. a4 Bb7 9. d3 d6 10. Nc3 b4 11. Ne2 Na5 12. Ba2 c5 13. Ng3 h6 14. Nf5 c4 15. Bd2 cxd3 16. cxd3 Nc6 17. N3h4 d5 18. Nxe7+ Qxe7 19. exd5 Nxd5 20. Nf5 Qe6 21. Qg4 g6 22. Nxh6+ Kg7 23. Rac1 f5 24. Qg5 Rad8 25. f4 Qf6 26. fxe5 Nxe5 27. Nxf5+ Qxf5 28. Qh6+ Kg8 29. Bxb4 Rf7 30. Bd2 Ng4 31. Qh4 Qf2+ 32. Qxf2 Nxf2 33. Rf1 Nxd3 34. Rxf7 Nxc1 35. Rxb7 Nxa2 36. h4 Rc8 37. Bh6 Nab4 38. Rg7+ Kh8 39. Rxg6 Kh7 40. Rd6 Rc6 41. Rxc6 Nxc6 42. Bd2 Nb6 43. b3 Nd4 1-0

[Event "Quebec-ch classe"]
[Site "Montreal CAN"]
[Date "1995.10.06"]
[Round "1"]
[White "Rousseau, Daniel"]
[Black "Reeve, Jeff"]
[Result "0-1"]
[WhiteElo "2044"]
[BlackElo "2234"]
[PlyCount "108"]
[GameId "2160767912063697"]
[EventDate "1995.10.06"]
[EventType "swiss"]
[EventRounds "5"]
[EventCountry "CAN"]
[SourceTitle "hb 2011"]

1. e4 c5 2. Nf3 d6 3. d4 cxd4 4. Nxd4 Nf6 5. Nc3 g6 6. Be2 Bg7 7. O-O O-O 8. Bg5 Nc6 9. Nb3 Be6 10. Kh1 Rc8 11. f4 a6 12. f5 Bd7 13. Qe1 Na5 14. Qh4 b5 15. Nd4 Rxc3 16. bxc3 Qc7 17. Bd2 Nc4 18. Bxc4 Qxc4 19. a3 Bc8 20. Rae1 Bb7 21. Rf3 e5 22. fxe6 fxe6 23. Bh6 e5 24. Bxg7 Kxg7 25. Nf5+ gxf5 26. Qg5+ Kf7 27. Rxf5 Ke7 28. Ref1 Qe6 29. Qh6 Rf7 30. Qe3 Bxe4 31. Qa7+ Kf8 32. Qb8+ Kg7 33. Rg5+ Bg6 34. Rg3 Nd7 35. Rxf7+ Qxf7 36. Qa7 Nc5 37. Qxf7+ Kxf7 38. Rf3+ Ke6 39. Rf2 Na4 40. g4 Nxc3 41. h4 Nb1 42. h5 Be4+ 43. Kh2 Nxa3 44. Rf8 Nxc2 45. g5 b4 46. Re8+ Kd5 47. Re7 b3 48. Rb7 Nd4 49. Kg3 Nb5 50. g6 hxg6 51. h6 g5 52. h7 Bxh7 53. Rxh7 b2 54. Rh1 Nc3 0-1

[Event "Quebec-ch classe"]
[Site "Montreal CAN"]
[Date "1995.10.07"]
[Round "2"]
[White "Luksza, Arkadiusz"]
[Black "Rousseau, Daniel"]
[Result "1-0"]
[WhiteElo "2088"]
[BlackElo "2044"]
[PlyCount "79"]
[GameId "2160767912063699"]
[EventDate "1995.10.06"]
[EventType "swiss"]
[EventRounds "5"]
[EventCountry "CAN"]
[SourceTitle "hb 2011"]

1. d4 Nf6 2. c4 g6 3. Nc3 Bg7 4. e4 d6 5. Be2 O-O 6. Be3 Nc6 7. d5 Ne5 8. h3 c6 9. Nf3 Ned7 10. O-O Qc7 11. Rc1 Re8 12. Qd2 Nc5 13. Qc2 a5 14. Rfd1 Nfd7 15. b3 Na6 16. Qd2 Ndc5 17. Bd4 Nb4 18. Bxg7 Kxg7 19. Nd4 e5 20. Nf3 cxd5 21. Nxd5 Nxd5 22. cxd5 Qb6 23. Qe3 a4 24. Nd2 axb3 25. Nc4 Qd8 26. axb3 Na6 27. Qb6 Qxb6 28. Nxb6 Rb8 29. Bb5 Rd8 30. Rc4 Nc5 31. Rb1 f5 32. f3 fxe4 33. fxe4 Rf8 34. b4 Nxe4 35. Nxc8 Nd2 36. Rc7+ Kh6 37. Rbc1 Nb3 38. R1c3 Nd4 39. Bd3 Ra8 40. Nxd6 1-0

[Event "Beauce op"]
[Site "Ste-Marie-de-Beauce CAN"]
[Date "1995.09.22"]
[Round "1"]
[White "Rousseau, Daniel"]
[Black "Marineau, Remi"]
[Result "1-0"]
[WhiteElo "2034"]
[BlackElo "1728"]
[PlyCount "39"]
[GameId "2160767912063705"]
[EventDate "1995.09.22"]
[EventType "swiss"]
[EventRounds "5"]
[EventCountry "CAN"]
[SourceTitle "hb 2011"]

1. e4 c5 2. Nf3 e6 3. d4 cxd4 4. Nxd4 Nf6 5. Nc3 d6 6. g4 h6 7. Rg1 Nc6 8. Be3 a6 9. Be2 Qc7 10. h4 b5 11. g5 hxg5 12. hxg5 b4 13. gxf6 bxc3 14. fxg7 Bxg7 15. Rxg7 Rh1+ 16. Bf1 cxb2 17. Rb1 Nxd4 18. Qxd4 Qxc2 19. Rxb2 e5 20. Qd5 1-0

[Event "Beauce op"]
[Site "Ste-Marie-de-Beauce CAN"]
[Date "1995.09.23"]
[Round "2"]
[White "Deschambault, Alexandre"]
[Black "Rousseau, Daniel"]
[Result "0-1"]
[WhiteElo "1496"]
[BlackElo "2034"]
[PlyCount "76"]
[GameId "2160767912063706"]
[EventDate "1995.09.22"]
[EventType "swiss"]
[EventRounds "5"]
[EventCountry "CAN"]
[SourceTitle "hb 2011"]

1. e4 e5 2. Nc3 Nf6 3. Bc4 Bc5 4. Nf3 Nc6 5. d3 h6 6. O-O d6 7. Be3 Bg4 8. Na4 Nd4 9. Bxd4 Bxd4 10. c3 Bb6 11. Re1 Nh7 12. d4 Qf6 13. Nxb6 axb6 14. Qd3 Ng5 15. Nd2 h5 16. h3 Bd7 17. Rad1 Ne6 18. dxe5 dxe5 19. Nf3 Bc6 20. Bb5 O-O 21. Bxc6 bxc6 22. Qc4 Nf4 23. Re3 Rfd8 24. Rde1 Rd6 25. h4 Rad8 26. Ng5 Qe7 27. Rf3 Rf6 28. g3 Nh3+ 29. Kg2 Nxg5 30. Rxf6 Qxf6 31. hxg5 Qxg5 32. Qxc6 h4 33. Re2 hxg3 34. fxg3 Qg4 35. Rf2 Kh7 36. a4 Rd3 37. Kh1 Qh3+ 38. Rh2 Rd1# 0-1

[Event "Montreal op"]
[Site "Montreal CAN"]
[Date "1995.09.02"]
[Round "1"]
[White "Kayssi, Ziad"]
[Black "Rousseau, Daniel"]
[Result "0-1"]
[WhiteElo "1713"]
[BlackElo "2016"]
[PlyCount "68"]
[GameId "2160767912063750"]
[EventDate "1995.09.02"]
[EventType "swiss"]
[EventRounds "5"]
[EventCountry "CAN"]
[SourceTitle "hb 2011"]

1. c4 Nf6 2. Nc3 g6 3. d4 Bg7 4. e3 O-O 5. Bd3 d6 6. Nf3 Nbd7 7. O-O e5 8. d5 a5 9. e4 Nc5 10. b3 Bd7 11. a4 Nh5 12. Be3 Na6 13. Qd2 f5 14. exf5 gxf5 15. Bh6 e4 16. Bxg7 Kxg7 17. Nxe4 fxe4 18. Bxe4 Nc5 19. Qc3+ Qf6 20. Qxf6+ Rxf6 21. Rae1 Kh8 22. Bc2 Rg8 23. Re7 Rg7 24. Rxg7 Kxg7 25. Re1 Nf4 26. Re7+ Rf7 27. Rxf7+ Kxf7 28. Ng5+ Kg7 29. Nxh7 Ne2+ 30. Kh1 Nd4 31. Bd1 Kxh7 32. h3 Ncxb3 33. g4 Nd2 34. f4 Nxc4 0-1

[Event "Montreal op"]
[Site "Montreal CAN"]
[Date "1995.09.02"]
[Round "2"]
[White "Linskiy, Oleg"]
[Black "Rousseau, Daniel"]
[Result "1-0"]
[WhiteElo "2326"]
[BlackElo "2016"]
[PlyCount "83"]
[GameId "2160767912063756"]
[EventDate "1995.09.02"]
[EventType "swiss"]
[EventRounds "5"]
[EventCountry "CAN"]
[SourceTitle "EXT 2022"]
[Source "ChessBase"]
[SourceDate "2021.10.06"]
[SourceVersion "1"]
[SourceVersionDate "2021.10.06"]
[SourceQuality "1"]

1. e4 e5 2. Nf3 Nc6 3. Bb5 a6 4. Ba4 Nf6 5. O-O Be7 6. Re1 b5 7. Bb3 d6 8. d3 Na5 9. Nbd2 O-O 10. Nf1 Nxb3 11. axb3 c5 12. Ne3 g6 13. h3 Bb7 14. Bd2 Qb8 15. Nh2 h5 16. Qe2 Re8 17. c4 Bc6 18. Rf1 Nh7 19. Nd1 Ng5 20. f4 exf4 21. Bxf4 Bf6 22. Qf2 Bd4 23. Be3 Bxe3 24. Nxe3 Qb7 25. Qg3 Ne6 26. Nf5 Nd4 27. Nxd4 cxd4 28. Qxd6 Rad8 29. Qf6 Rd7 30. Nf3 Re6 31. Qf4 bxc4 32. bxc4 f5 33. exf5 Re2 34. fxg6 Qxb2 35. Rab1 Rxg2+ 36. Kh1 Rf2 37. Rxb2 Rxf1+ 38. Kh2 Rxf3 39. Rb8+ Kg7 40. Qe5+ Kh6 41. Rh8+ Kxg6 42. Rg8+ 1-0

[Event "Montreal op"]
[Site "Montreal CAN"]
[Date "1995.09.03"]
[Round "3"]
[White "Rousseau, Daniel"]
[Black "Debellefeuille, Paul"]
[Result "1-0"]
[WhiteElo "2016"]
[BlackElo "1363"]
[PlyCount "121"]
[GameId "2160767912063761"]
[EventDate "1995.09.02"]
[EventType "swiss"]
[EventRounds "5"]
[EventCountry "CAN"]
[SourceTitle "hb 2011"]

1. e4 e5 2. Nf3 Nc6 3. Bc4 Bc5 4. c3 Nf6 5. O-O d6 6. d3 h6 7. h3 a6 8. a4 O-O 9. b4 Ba7 10. Qb3 Qe7 11. Na3 Be6 12. Nc2 Bxc4 13. Qxc4 Rfd8 14. b5 Na5 15. Qb4 axb5 16. axb5 Bb6 17. Be3 Nd7 18. Bxb6 cxb6 19. Ne3 g6 20. Nd5 Qf8 21. Nd2 Kh7 22. f4 f5 23. exf5 gxf5 24. Qb1 Qg7 25. fxe5 Rg8 26. Rf2 dxe5 27. Qf1 Raf8 28. Qe2 Qf7 29. c4 Rg3 30. Ne4 Nb3 31. Nxg3 Nxa1 32. Rxf5 Qg7 33. Rxf8 Nxf8 34. Qe4+ Kh8 35. Nf5 Qg5 36. Qxe5+ Kh7 37. Nf6+ Kg6 38. Ne7+ Kf7 39. Qxg5 hxg5 40. Nfd5 Nc2 41. Kf2 Nb4 42. Nxb4 Kxe7 43. Nd5+ Kd6 44. Nxb6 Ne6 45. Nd5 Kc5 46. Ke3 Nd4 47. Ke4 Nc2 48. Ke5 Ne1 49. Ke4 Nxg2 50. Ne3 Nf4 51. d4+ Kd6 52. h4 Ne6 53. h5 Ke7 54. Ke5 Kf7 55. h6 Nf8 56. Kf5 Nh7 57. c5 Nf6 58. d5 Nd7 59. c6 bxc6 60. bxc6 Nb6 61. d6 1-0

[Event "Montreal op"]
[Site "Montreal CAN"]
[Date "1995.09.03"]
[Round "4"]
[White "Pohl, Klaus"]
[Black "Rousseau, Daniel"]
[Result "0-1"]
[WhiteElo "2169"]
[BlackElo "2016"]
[PlyCount "74"]
[GameId "2160767912063764"]
[EventDate "1995.09.02"]
[EventType "swiss"]
[EventRounds "5"]
[EventCountry "CAN"]
[SourceTitle "EXT 2022"]
[Source "ChessBase"]
[SourceDate "2021.10.06"]
[SourceVersion "1"]
[SourceVersionDate "2021.10.06"]
[SourceQuality "1"]

1. b4 e5 2. Bb2 f6 3. a3 a5 4. b5 d5 5. e3 Be6 6. Nf3 Nd7 7. d4 e4 8. Nfd2 Nb6 9. c4 c6 10. c5 Nd7 11. b6 f5 12. Nc3 Nh6 13. Na4 Be7 14. Nb3 f4 15. exf4 O-O 16. g3 g5 17. Bc1 gxf4 18. Bxf4 Bg5 19. Bxg5 Qxg5 20. Qd2 Qf6 21. Bg2 Bg4 22. h4 e3 23. fxe3 Qg6 24. e4 Bf3 25. O-O dxe4 26. Bxf3 exf3 27. Qg5 Ng4 28. Nd2 f2+ 29. Kh1 Rae8 30. Nc3 Ndf6 31. Nc4 a4 32. Kg2 Nh5 33. Rad1 Qxg5 34. hxg5 Ne3+ 35. Nxe3 Rxe3 36. Rc1 Rxg3+ 37. Kh2 Rf4 0-1

[Event "Montreal op"]
[Site "Montreal CAN"]
[Date "1995.09.04"]
[Round "5"]
[White "Rousseau, Daniel"]
[Black "Mikanovic, Goran"]
[Result "0-1"]
[WhiteElo "2016"]
[BlackElo "2304"]
[PlyCount "50"]
[GameId "2160767912063767"]
[EventDate "1995.09.02"]
[EventType "swiss"]
[EventRounds "5"]
[EventCountry "CAN"]
[SourceTitle "hb 2011"]

1. e4 c5 2. Nf3 e6 3. d4 cxd4 4. Nxd4 a6 5. Nc3 Qc7 6. Bd3 Nf6 7. O-O Nc6 8. Nxc6 dxc6 9. f4 e5 10. fxe5 Ng4 11. Qf3 Nxe5 12. Qg3 Be6 13. Bf4 f6 14. Bxe5 fxe5 15. Be2 O-O-O 16. Bg4 Bxg4 17. Qxg4+ Kb8 18. Rad1 Rxd1 19. Nxd1 Bc5+ 20. Kh1 Rd8 21. Qe6 Rd2 22. c3 Qe7 23. Qg8+ Ka7 24. b4 Qg5 25. g3 Qh5 0-1

[Event "Groupe Commerce"]
[Site "Thetford Mines CAN"]
[Date "1995.07.07"]
[Round "1"]
[White "Gravel, Simon M"]
[Black "Rousseau, Daniel"]
[Result "1-0"]
[WhiteElo "2286"]
[BlackElo "1964"]
[PlyCount "51"]
[GameId "2160767912064435"]
[EventDate "1995.07.07"]
[EventType "swiss"]
[EventRounds "5"]
[EventCountry "CAN"]
[SourceTitle "hb 2011"]

1. e4 e5 2. f4 exf4 3. Nf3 h6 4. d4 g5 5. h4 Bg7 6. hxg5 hxg5 7. Rxh8 Bxh8 8. g3 g4 9. Nh2 Qe7 10. Nc3 Nf6 11. Bxf4 d5 12. e5 c6 13. Bg5 Qe6 14. Be2 Nh7 15. Bxg4 Qg6 16. Bxc8 Qxg5 17. Qd3 Qh5 18. Bxb7 Qxh2 19. O-O-O Bg7 20. Bxa8 Bh6+ 21. Kb1 Ng5 22. b4 Qf2 23. b5 Nf3 24. bxc6 Nd2+ 25. Qxd2 Bxd2 26. c7 1-0

[Event "Groupe Commerce"]
[Site "Thetford Mines CAN"]
[Date "1995.07.08"]
[Round "2"]
[White "Rousseau, Daniel"]
[Black "Courtemanche, Marc Andre"]
[Result "1-0"]
[WhiteElo "1964"]
[BlackElo "1816"]
[PlyCount "51"]
[GameId "2160767912064441"]
[EventDate "1995.07.07"]
[EventType "swiss"]
[EventRounds "5"]
[EventCountry "CAN"]
[SourceTitle "EXT 2022"]
[Source "ChessBase"]
[SourceDate "2021.10.06"]
[SourceVersion "1"]
[SourceVersionDate "2021.10.06"]
[SourceQuality "1"]

1. e4 c5 2. Nf3 d6 3. d4 cxd4 4. Nxd4 Nf6 5. Nc3 a6 6. Bg5 e6 7. f4 Be7 8. Qf3 Qc7 9. O-O-O b5 10. g4 Bb7 11. Bxf6 gxf6 12. f5 b4 13. fxe6 bxc3 14. exf7+ Kxf7 15. g5 h5 16. Bh3 Bc8 17. gxf6 Bf8 18. Bxc8 Qxc8 19. e5 cxb2+ 20. Kb1 dxe5 21. Qd5+ Kg6 22. Rhg1+ Kh6 23. Qxe5 Qc5 24. Qf4+ Kh7 25. Qe4+ Kh6 26. Qg6# 1-0

[Event "Groupe Commerce"]
[Site "Thetford Mines CAN"]
[Date "1995.07.08"]
[Round "3"]
[White "Rousseau, Daniel"]
[Black "Lachance, Steve"]
[Result "1-0"]
[WhiteElo "1964"]
[BlackElo "2102"]
[PlyCount "101"]
[GameId "2160767912064444"]
[EventDate "1995.07.07"]
[EventType "swiss"]
[EventRounds "5"]
[EventCountry "CAN"]
[SourceTitle "hb 2011"]

1. d4 Nf6 2. Nf3 g6 3. Bf4 Bg7 4. e3 d5 5. Bd3 c5 6. c3 Qb6 7. Qb3 O-O 8. Nbd2 Nc6 9. O-O Qa5 10. Qd1 Bg4 11. Nb3 Qb6 12. dxc5 Qd8 13. Be2 Ne4 14. h3 Bc8 15. Qc2 e5 16. Bh2 Qe7 17. Rfd1 Be6 18. Bb5 f6 19. c4 Nb4 20. Qe2 Nxc5 21. Nxc5 Qxc5 22. Nd4 exd4 23. exd4 Qc8 24. Bd6 Nc6 25. Bxf8 Kxf8 26. Rac1 Qd7 27. Qf3 Rd8 28. Qa3+ Kg8 29. c5 Qf7 30. Qa4 Qc7 31. Rc3 Bc8 32. Ra3 a6 33. Bxc6 bxc6 34. Rb3 Re8 35. Rb6 Re6 36. Qa5 f5 37. Rxa6 Qf7 38. Ra7 Bb7 39. Qb6 Re7 40. a4 Bc8 41. Rxe7 Qxe7 42. Qxc6 Bb7 43. Qb5 Qc7 44. Qe8+ Bf8 45. Qe6+ Kg7 46. b4 Ba8 47. b5 Bxc5 48. dxc5 Qxc5 49. Qe5+ Kh6 50. Rd4 Qc1+ 51. Kh2 1-0

[Event "Groupe Commerce"]
[Site "Thetford Mines CAN"]
[Date "1995.07.09"]
[Round "4"]
[White "Pohl, Klaus"]
[Black "Rousseau, Daniel"]
[Result "1-0"]
[WhiteElo "2156"]
[BlackElo "1964"]
[PlyCount "141"]
[GameId "2160767912064447"]
[EventDate "1995.07.07"]
[EventType "swiss"]
[EventRounds "5"]
[EventCountry "CAN"]
[SourceTitle "EXT 2022"]
[Source "ChessBase"]
[SourceDate "2021.10.06"]
[SourceVersion "1"]
[SourceVersionDate "2021.10.06"]
[SourceQuality "1"]

1. e4 e5 2. Nf3 Nc6 3. Bb5 a6 4. Ba4 Nf6 5. O-O Be7 6. Bxc6 dxc6 7. Qe1 Nd7 8. b3 c5 9. Bb2 Bf6 10. d3 O-O 11. Nbd2 b5 12. h3 Re8 13. Qe3 Qe7 14. Ba3 Qf8 15. Nh2 g6 16. Rad1 Bg7 17. Ng4 h5 18. Nh2 Bb7 19. Rfe1 Bh6 20. Qe2 Qe7 21. Ndf3 Nf8 22. Bc1 Bg7 23. Bg5 f6 24. Be3 Rad8 25. Nf1 Ne6 26. Nh4 Nf8 27. Ng3 Bc8 28. f4 f5 29. Nf3 h4 30. Nf1 fxe4 31. Nxe5 exd3 32. Rxd3 Rxd3 33. Qxd3 Bf5 34. Qd5+ Ne6 35. c4 Qd6 36. Rd1 Qxd5 37. Rxd5 Be4 38. Rd7 g5 39. Ng4 gxf4 40. Bf2 Bc6 41. Rd1 Bc3 42. Bxh4 f3 43. Bf6 fxg2 44. Bxc3 gxf1=Q+ 45. Rxf1 Rd8 46. Rf6 b4 47. Be5 Rd1+ 48. Kf2 Bd7 49. Nh6+ Kh7 50. Nf5 Bc8 51. Rh6+ Kg8 52. Rh8+ Kf7 53. Rxc8 Rd2+ 54. Kg3 Rxa2 55. Rh8 Ra3 56. Kg4 Rxb3 57. Rh6 Nf8 58. Rf6+ Ke8 59. Bxc7 Ra3 60. Bd6 Nd7 61. Re6+ Kd8 62. Rg6 Kc8 63. Bf4 b3 64. Rc6+ Kd8 65. Bg5+ Ke8 66. Nd6+ Kf8 67. Rc8+ Kg7 68. Rc7 a5 69. Rxd7+ Kg8 70. Bf6 Ra2 71. Kh5 1-0

[Event "Groupe Commerce"]
[Site "Thetford Mines CAN"]
[Date "1995.07.09"]
[Round "5"]
[White "Rousseau, Daniel"]
[Black "Drolet, Stephane"]
[Result "1-0"]
[WhiteElo "1964"]
[BlackElo "2036"]
[PlyCount "41"]
[GameId "2160767912064451"]
[EventDate "1995.07.07"]
[EventType "swiss"]
[EventRounds "5"]
[EventCountry "CAN"]
[SourceTitle "hb 2011"]

1. e4 e6 2. d4 d5 3. Nd2 c5 4. Ngf3 Nf6 5. e5 Nfd7 6. c3 Nc6 7. Be2 a5 8. O-O cxd4 9. cxd4 Qb6 10. Nb1 Be7 11. Nc3 O-O 12. Bf4 f6 13. exf6 Bxf6 14. Nb5 Bd8 15. Bd6 Rf7 16. Rc1 a4 17. Bd3 Ra5 18. Qe2 Rxb5 19. Bxb5 Nf6 20. Bxc6 bxc6 21. Ne5 1-0

[Event "Quebec-ch qual. 2"]
[Site "Montreal CAN"]
[Date "1995.05.26"]
[Round "1"]
[White "Rousseau, Daniel"]
[Black "Moussa, Alaa Eddine"]
[Result "0-1"]
[WhiteElo "1971"]
[BlackElo "2171"]
[PlyCount "84"]
[GameId "2160767912064569"]
[EventDate "1995.05.26"]
[EventType "swiss"]
[EventRounds "5"]
[EventCountry "CAN"]
[SourceTitle "hb 2011"]

1. e4 c5 2. Nf3 Nc6 3. d4 cxd4 4. Nxd4 Nf6 5. Nc3 e5 6. Ndb5 d6 7. Bg5 a6 8. Na3 b5 9. Nd5 Be7 10. Bxf6 Bxf6 11. c3 O-O 12. Nc2 Rb8 13. Be2 Bg5 14. O-O Ne7 15. Ncb4 Bb7 16. Qd3 Ng6 17. g3 Qd7 18. h4 Bh6 19. Rad1 a5 20. Nc2 Qh3 21. Nce3 f5 22. Nxf5 Kh8 23. Nxh6 gxh6 24. Ne3 Nf4 25. Bg4 Nxd3 26. Bxh3 Nxb2 27. Rxd6 Bxe4 28. Be6 Na4 29. c4 Nc3 30. c5 Ne2+ 31. Kh2 Nd4 32. Bd7 Bd3 33. Rd1 Rxf2+ 34. Kh3 Be4 35. R1xd4 exd4 36. Rxd4 Bh1 37. c6 Rg8 38. c7 Bb7 39. Bf5 Rf3 40. Be4 Bc8+ 41. Nf5 Bxf5+ 42. Bxf5 Rxf5 0-1